A history of Bulgaria 1393-1885

Saved in:
Bibliographic Details
Main Author: Macdermott, Mercia
Format: Book
Language:Undetermined
Published: London George Allen & Unwin 1962
Subjects:
Tags: Add Tag
No Tags, Be the first to tag this record!
Institutions: Trung tâm Học liệu Trường Đại học Cần Thơ
LEADER 00533nam a2200205Ia 4500
001 CTU_82503
008 210402s9999 xx 000 0 und d
082 |a 949.77 
082 |b M134 
100 |a Macdermott, Mercia 
245 2 |a A history of Bulgaria 1393-1885 
245 0 |c Mercia Macdermott 
260 |a London 
260 |b George Allen & Unwin 
260 |c 1962 
650 |a Bulgaria 
650 |x History 
650 |y 1393-1878 
904 |i Nguyên, QHieu 
980 |a Trung tâm Học liệu Trường Đại học Cần Thơ